Territori d'oltremare statunitensi - Statistics

Statistiche generali
  • Questo quiz è stato fatto 74 volte
  • Il punteggio medio è 4 su 6
Statistiche sulle risposte
Hint Risposta % Corretto
Oceania Samoa americane/samoa
81%
America Isole Vergini americane/isole vergini
77%
America Porto Rico
77%
Oceania Guam
71%
Oceania Isole Marianne
44%
Oceania Isole minori esterne
6%
Nessun quiz corrispondente trovato
Distribuzione punteggi
Percentuale di utenti per punteggio
Percentile per numero di risposta
I tuoi punteggi nel tempo
Non hai fatto questo quiz